000 00433nam a2200157 i 4500
001 42366
003 ES-MaACL
005 20230906160611.0
007 t|
008 030313s1963 ag ||||1| spa d
100 1 _aCastresana, Luis de.
_936806
245 1 3 _aLa frontera del hombre /
_cLuis de Castresana.
260 _aBuenos Aires :
_bPlaza & Janés,
_c1963.
300 _a237 p. ;
_c19 cm.
852 _aES-MaACL
_jC-24561
_bR.53295
999 _c42366
_d42366